LEADER 01264nam2-2200373---450- 001 990003611460203316 005 20120117110350.0 010 $a978-88-348-1905-0 035 $a000361146 035 $aUSA01000361146 035 $a(ALEPH)000361146USA01 035 $a000361146 100 $a20120117d2011----km-y0itay50------ba 101 $aita 102 $aIT 105 $a||||||||001yy 200 1 $aSviluppo e innovazione tecnologica delle latecomer firms$ele imprese cinesi high-tech$fAdele Parmentola 210 $aTorino$cGiappichelli$d2011 225 2 $aCollana di studi aziendali$iStudi e ricerche$v42 410 0$1001000337661$aCollana di studi aziendali$iStudi e ricerche$v, 42 454 1$12001 461 1$1001-------$12001 606 0 $aAziende ad alta tecnologia$xProcessi innovativi$yCina$2BNCF 676 $a338.470040951 700 1$aPARMENTOLA,$bAdele$0611336 801 0$aIT$bsalbc$gISBD 912 $a990003611460203316 951 $aXXX.B. Coll. 35/ 27$b20086 EC.$cXXX.B. Coll. 35/$d00305514 959 $aBK 969 $aECO 979 $aFIORELLA$b90$c20120117$lUSA01$h1055 979 $aFIORELLA$b90$c20120117$lUSA01$h1103 996 $aSviluppo e innovazione tecnologica delle latecomer firms$91137447 997 $aUNISA